Stedman,s concise medical dictionary (Record no. 1900)

MARC details
000 -LEADER
fixed length control field 00352nam a2200145Ia 4500
008 - FIXED-LENGTH DATA ELEMENTS--GENERAL INFORMATION
fixed length control field 230312s9999||||xx |||||||||||||| ||und||
020 ## - INTERNATIONAL STANDARD BOOK NUMBER
International Standard Book Number 0-7817-3012-0
082 ## - DEWEY DECIMAL CLASSIFICATION NUMBER
Classification number 621.3810
Item number ILL-S
100 ## - MAIN ENTRY--PERSONAL NAME
Personal name Illustrated
245 #0 - TITLE STATEMENT
Title Stedman,s concise medical dictionary
260 ## - PUBLICATION, DISTRIBUTION, ETC.
Name of publisher, distributor, etc. Lipponcott
Place of publication, distribution, etc. UK
Date of publication, distribution, etc. 2001
300 ## - PHYSICAL DESCRIPTION
Extent 204
650 ## - SUBJECT ADDED ENTRY--TOPICAL TERM
Topical term or geographic name entry element Dictionary
942 ## - ADDED ENTRY ELEMENTS (KOHA)
Koha item type BOOK
Holdings
Withdrawn status Lost status Source of classification or shelving scheme Damaged status Not for loan Home library Current library Date acquired Total Checkouts Full call number Barcode Date last seen Price effective from Koha item type
    Dewey Decimal Classification     Superior Information Resource Center (SIRC) Superior University- Main Campus Superior Information Resource Center (SIRC) Superior University- Main Campus 03/13/2023   621.3810 ILL-S 1910 03/13/2023 03/13/2023 BOOK

Powered by Koha